Alle uitslagen van PSV Eredivisie 2024/25 - Statistieken

Algemene statistieken
  • Deze quiz is 36 keer genomen
  • De gemiddelde score is 16 van 34
Antwoordstatistieken
Tegenstander Thuis/Uit Antwoord % Correct
Ajax Uit 3-2
88%
Ajax Thuis 0-2
84%
Feyenoord Uit 2-3
84%
Feyenoord Thuis 3-0
81%
FC Utrecht Uit 2-5
66%
AZ Uit 1-2
59%
FC Twente Uit 1-3
59%
FC Utrecht Thuis 2-2
59%
AZ Thuis 2-2
56%
Go Ahead Eagles Uit 3-2
56%
Sparta Rotterdam Uit 1-3
53%
NEC Uit 3-3
53%
FC Twente Thuis 6-1
53%
SC Heerenveen Uit 1-0
50%
Heracles Almelo Thuis 4-1
50%
Willem II Thuis 1-1
44%
SC Heerenveen Thuis 2-1
44%
PEC Zwolle Uit 3-1
44%
FC Groningen Uit 1-3
41%
Fortuna Sittard Thuis 4-1
41%
PEC Zwolle Thuis 6-0
41%
Almere City Uit 1-7
38%
NEC Thuis 2-0
38%
Sparta Rotterdam Thuis 2-1
38%
Go Ahead Eagles Thuis 3-0
38%
Fortuna Sittard Uit 1-3
34%
Willem II Uit 0-2
31%
NAC Breda Uit 0-3
31%
RKC Waalwijk Uit 0-3
31%
Heracles Almelo Uit 1-3
31%
NAC Breda Thuis 3-2
31%
FC Groningen Thuis 5-0
31%
Almere City Thuis 5-0
31%
RKC Waalwijk Thuis 5-1
28%
Geen overeenkomende quizzen gevonden
Scoreverdeling
Procent van Mensen met Elke Score
Percentiel versus Aantal Correcte Antwoorden
Uw Scoregeschiedenis
U heeft deze quiz nog niet genomen